Papá oso vuelve a casa / (Registro nro. 15699)
[ vista simple ]
| 000 - LÍDER | |
|---|---|
| campo de control de longitud fija | 01117nam a2200301 i 4500 |
| 005 - FECHA Y HORA DE LA ÚLTIMA TRANSACCIÓN | |
| campo de control | 20210818182335.0 |
| 008 - ELEMENTOS DE DATOS DE LONGITUD FIJA - INFORMACIÓN GENERAL | |
| campo de control de longitud fija | 160208s2015 sp a br 000 j spa d |
| 020 ## - INTERNATIONAL STANDARD BOOK NUMBER | |
| International Standard Book Number | 9788484649427 |
| 040 ## - FUENTE DE CATALOGACIÓN | |
| Agencia de catalogación original | COMFC |
| Lenguaje de catalogación | spa |
| Descripción convenciones | rda |
| 041 1# - CÓDIGO DE LENGUAJE | |
| Código de idioma de texto / pista de sonido o título separado | spa |
| Código de idioma del original | eng |
| 082 04 - NÚMERO DE CLASIFICACIÓN DECIMAL DEWEY | |
| Número de clasificación | 813.5 |
| Número de artículo | M663p |
| 100 1# - ENTRADA PRINCIPAL - NOMBRE PERSONAL | |
| Nombre de la persona | Minarik, Else Holmelund, |
| Fechas asociadas a un nombre | 1920- |
| Término del Relator | aut |
| 245 10 - TÍTULO DECLARACIÓN | |
| Título | Papá oso vuelve a casa / |
| Declaración de responsabilidad | Else Holmelund Minarik ; ilustraciones de Maurice Sendak ; de la traducción María Puncel. |
| 250 ## - DECLARACIÓN DE EDICIÓN | |
| Sentencia de edición | Primera edición |
| 264 01 - AVISO DE PRODUCCIÓN, PUBLICACIÓN, DISTRIBUCIÓN, FABRICACIÓN Y DERECHOS DE AUTOR | |
| Lugar de producción | Pontevedra : |
| Nombre del productor | Kalandraka, |
| Fecha de producción | 2015. |
| 300 ## - DESCRIPCIÓN FÍSICA | |
| Alcance | 62 páginas : |
| Otros datos físicos | ilustraciones ; |
| Dimensiones | 24 cm. |
| 336 ## - TIPO DE CONTENIDO | |
| Fuente | rdacontent |
| Tipo de contenido | txt |
| 337 ## - TIPO DE MEDIO | |
| Fuente | rdamedia |
| Término del tipo de medio | n |
| 338 ## - TIPO DE PORTADOR | |
| Fuente | rdacarrier |
| Término del tipo de operador | nc |
| 490 ## - DECLARACIÓN EN SERIE | |
| -- | 55396 |
| Estado de cuenta de la serie | Colección libros para soñar |
| 534 ## - NOTA DE VERSIÓN ORIGINAL | |
| Frase introductoria | Título original : |
| Declaración de título del original | Father bear comes home. |
| 650 #4 - ENTRADA DE SUJETO AÑADIDO - TÉRMINO TÓPICO | |
| Término tópico o elemento de entrada del nombre geográfico | Cuentos infantiles estadounidenses. |
| 650 #4 - ENTRADA DE SUJETO AÑADIDO - TÉRMINO TÓPICO | |
| Término tópico o elemento de entrada del nombre geográfico | Osos |
| Subdivisión de forma | Cuentos infantiles. |
| 650 #0 - ENTRADA DE SUJETO AÑADIDO - TÉRMINO TÓPICO | |
| Término tópico o elemento de entrada del nombre geográfico | Libros Ilustrados Para Niños |
| 9 (RLIN) | 21021 |
| 700 1# - ENTRADA AGREGADA - NOMBRE PERSONAL | |
| Nombre de la persona | Sendak, Maurice, |
| Fechas asociadas a un nombre | 1928-, |
| Término del Relator | ill |
| 700 1# - ENTRADA AGREGADA - NOMBRE PERSONAL | |
| Nombre de la persona | Puncel, María |
| Fechas asociadas a un nombre | 1927-, |
| Término del Relator | trl |
| 9 (RLIN) | 54713 |
| 942 ## - ELEMENTOS DE ENTRADA AGREGADOS (KOHA) | |
| Fuente de clasificación o esquema de estanterías | Dewey Decimal Classification |
| Parte de clasificación | 813.5 M663p |
| Prefijo del número de llamada | 813.5 |
| Sufijo del número de llamada | M663p |
| Estado de retirada | Pérdida de estatus | Fuente de clasificación o esquema de estanterías | Estado dañado | No para préstamo | Código de recogida | Ubicación permanente | Ubicación actual | Ubicación de las estanterías | Fecha de adquisición | Total de Cajas | Número Topográfico | Código de barras | Precio efectivo desde | Número de copia | Fecha de la última vez que se vio | Tipo de artículo Koha | Nota pública |
|---|---|---|---|---|---|---|---|---|---|---|---|---|---|---|---|---|---|
| Dewey Decimal Classification | General | Biblioteca Pública Departamental Comfamiliar Risaralda | Biblioteca Pública Departamental Comfamiliar Risaralda | Área General | 02/01/2020 | 813.5 M663p | 1004964 | 02/01/2020 | Ej. 1 | 02/01/2020 | Libro | Cuentos Infantiles |